| 000 | 00683cam a2200241 4500 | ||
|---|---|---|---|
| 008 | 090401t1997 xxu||||| |||| 00| 0 eng d | ||
| 020 | _a0952059274 | ||
| 035 | _a(Sirsi) u92775 | ||
| 041 | _aeng | ||
| 050 | _a692.21 | ||
| 100 | _aFury, John | ||
| 245 | 4 | _aThe regulations of architecture: an outline of fire regulations 1667-1987. | |
| 260 |
_aSurrey _bChiavari Publishing _c1997 |
||
| 300 | _aiv, 71p. ; 30cm. | ||
| 350 | _a7 | ||
| 650 |
_aBUILDING REGULATIONS _96224 |
||
| 650 | _aFIRE PRECAUTIONS | ||
| 650 | _aMANAGEMENT-HEALTH AND SAFETY-FIRE SAFETY | ||
| 650 | _aLONDON | ||
| 690 | _aBUILDING AND CONSTRUCTION-REGULATIONS | ||
| 942 | _n0 | ||
| 948 | _c15/04/1999 | ||
| 999 |
_c97782 _d97782 |
||